000 00356nam a2200145Ia 4500
008 240624s9999 xx 000 0 und d
041 _aeng
082 _a517 ROY
100 _aROYDEN H L
245 _aREAL ANALYSIS
250 _a(3rd ed.)
260 _c2008
_aNew Delhi
_bPrentice-Hall of India
300 _axvii, : 444 : p. : cm. ; 24
365 _cRS
_b36
999 _c9478
_d9478